Making money : Winning the battle for middle class financial success
Making Money: Winning the battle for middle class financial success. "He comes up with more economic insights in a single week than most economists come up with in a lifetime.
Kaydedildi:
| Yazar: | |
|---|---|
| Materyal Türü: | Kitap |
| Dil: | Undetermined |
| Baskı/Yayın Bilgisi: |
New York
Simon and Schuster
1984
|
| Konular: | |
| Etiketler: |
Etiketle
Etiket eklenmemiş, İlk siz ekleyin!
|
| Thư viện lưu trữ: | Trung tâm Học liệu Trường Đại học Cần Thơ |
|---|
| LEADER | 00841nam a2200229Ia 4500 | ||
|---|---|---|---|
| 001 | CTU_186561 | ||
| 008 | 210402s9999 xx 000 0 und d | ||
| 082 | |a 332.678 | ||
| 082 | |b R922 | ||
| 100 | |a Ruff, Howard J. | ||
| 245 | 0 | |a Making money : | |
| 245 | 0 | |b Winning the battle for middle class financial success | |
| 245 | 0 | |c Howard Ruff | |
| 260 | |a New York | ||
| 260 | |b Simon and Schuster | ||
| 260 | |c 1984 | ||
| 520 | |a Making Money: Winning the battle for middle class financial success. "He comes up with more economic insights in a single week than most economists come up with in a lifetime. | ||
| 650 | |a Investments,Đầu tư | ||
| 650 | |x Handbooks, manuals, etc.,Sổ tay, cẩm nang, v.v... | ||
| 650 | |z United States,Hoa Kỳ | ||
| 910 | |a Hải | ||
| 980 | |a Trung tâm Học liệu Trường Đại học Cần Thơ | ||